00866nam a2200205 a 4500003000200000005001700002008004100019050003100060100002900091245011600120260009300236300004600329504004100375650004400416650004000460650003700500650004300537650004100580650003900621020250306145016.0090703s19uu xx 00 eng d aPGS BF 432.I57b.F363 2009 aFernandez, Ma. Isabel M. aComparison of interpersonal intelligence of varsity members and non-varsity members /cMa. Isabel M. Fernandez. aLas Piñas City, Philippines : bSouthville International School and Colleges, c2009. a26 pages : billustrations ; c28 cm.  aIncludes bibliographical references. aInterpersonal intelligence in children. aSocial intelligence in adolescents. aAthletesvPsychological aspects. a Interpersonal relations in childhood. aEmotional intelligence in students.  aSports psychologyvSocial aspects.